000 00789nam a22002777a 4500
003 CHAP
005 20220329134600.0
008 971013s1964 r 00010 d
010 _a22517
011 _a23489
035 _a27585
040 _cCHAP
082 _a332.11026
_bA83Y
100 0 0 _aAufricht, Hans.
_98322
245 _aLegislación comparada de banca central
260 _aMéxico, D.F. :
_bCEMAL,
_c1964
300 _a307 p
590 _aBATCH-UPD
_b10
_c20130110
_lUCH01
_h0133
590 _aBATCH-UPD
_b10
_c20130110
_lUCH01
_h2242
590 _aCONVERSION
_b10
_c20130109
_lUCH01
_h1313
650 1 4 _aBanca Central.
_99796
650 1 4 _aDerecho bancario.
_931880
901 _aBK
942 _cLIBRO
949 _a332.11026 A83Y
_bBC
_cLIBRO
_d33724000336764
_eLIBRO
_i27585
_si
999 _c22517
_d22517